000 01821nam a2200493 i 4500
001 19115
003 KOSZ 005
005 20220222115841.0
008 220222s1979 pl a f 000 0 pol
015 _aUWD 1981/3120
035 _a991012537829705066
035 _a(PL-WaBN)b1339258x-48omnis_nlop
035 _ab1339258x
035 _a(OCoLC)830258251
035 _a(PL)b0000001339258
035 _a(EXLNZ-48OMNIS_NETWORK)9910405538305606
040 _aWA N
_cWA N
_dKOSZ 005/RW
046 _k1979
080 _a621.9
080 _a(075.8)
100 1 _aŁunarski, Jerzy
_d(1937- )
_eAutor
245 1 0 _aTechnika wytwarzania, podstawy technologii maszyn, laboratorium /
_cJerzy Łunarski ; [recenzent: prof. dr inż. Stanisław Markowski].
250 _aWydanie 2 poprawione.
260 _aRzeszów :
_bWydawnictwo Uczelniane Politechniki Rzeszowskiej,
_c1979.
300 _a121, [3] stron :
_bilustracje, tablice, wykresy ;
_c21 cm.
336 _aTekst
_btxt
_2rdacontent
337 _aBez urządzenia pośredniczącego
_bn
_2rdamedia
338 _aWolumin
_bnc
_2rdacarrier
380 _aKsiążki
380 _aPublikacje dydaktyczne
385 _mPoziom nauczania
_aSzkoły wyższe
388 1 _a1901-2000
388 1 _a1945-1989
504 _aBibliografia na stronach [120]-121 oraz przy rozdziałach.
650 7 _aObrabiarka
_2DBN
650 7 _aTechnologia
655 7 _aĆwiczenia i zadania dla szkół wyższych
_2DBN
658 _aInżynieria i technika
700 1 _aMarkowski, Stanisław
_d(1912-1977)
_eRecenzja
710 2 _aOficyna Wydawnicza Politechniki Rzeszowskiej
_4pbl
856 _uhttp://koha.tu.koszalin.pl/cgi-bin/koha/opac-detail.pl?biblionumber=19115
_yKatalog online BPK
942 _2UKD
_cKS
999 _c19115
_d19115